QUADERNI DI "NOSTRO CINEMA", N.17 (1987) (Record n. 196574)
[ formato base ]
| 000 -LEADER | |
|---|---|
| fixed length control field | 01030nas a2200253Ia 4500 |
| 001 - CONTROL NUMBER | |
| control field | R059/99606 |
| 003 - CONTROL NUMBER IDENTIFIER | |
| control field | IT-RoPAU |
| 008 - FIXED-LENGTH DATA ELEMENTS--GENERAL INFORMATION | |
| fixed length control field | 151124c99999999xx |||||||||||| ||und|| |
| 040 ## - CATALOGING SOURCE | |
| Original cataloging agency | IT-RoPAU |
| 040 ## - CATALOGING SOURCE | |
| Transcribing agency | IT-RoPAU |
| 041 ## - LANGUAGE CODE | |
| Language code of text/sound track or separate title | ITALIANO |
| 100 ## - MAIN ENTRY--PERSONAL NAME | |
| Personal name | Arosio Mario |
| Miscellaneous information | Codice Aut. SPICS: 9786 |
| 210 ## - ABBREVIATED TITLE | |
| Abbreviated title | QUADERNI DI "IL NOSTRO CINEMA" |
| 222 ## - KEY TITLE | |
| Key title | Quaderni Di "Il Nostro Cinema" |
| 245 ## - TITLE STATEMENT | |
| Title | QUADERNI DI "NOSTRO CINEMA", N.17 (1987) |
| Remainder of title | Rivoluzione Informatica E Sistema Sociale |
| 250 ## - EDITION STATEMENT | |
| Edition statement | 1a ed. |
| 260 ## - PUBLICATION, DISTRIBUTION, ETC. (IMPRINT) | |
| Place of publication, distribution, etc. | ROMA |
| Name of publisher, distributor, etc. | ACEC |
| Date of publication, distribution, etc. | 1987 |
| 300 ## - PHYSICAL DESCRIPTION | |
| Extent | 16 p. [5-20] |
| 362 ## - DATES OF PUBLICATION AND/OR SEQUENTIAL DESIGNATION | |
| Dates of publication and/or sequential designation | N.17 (1987) |
| 501 ## - WITH NOTE | |
| -- | Paulus - SPICS - Società San Paolo EM (non-commercial uses only) |
| -- | Copyright2015 |
| 500 ## - GENERAL NOTE | |
| General note | Complessità Sociale e Approccio Sistemico. Rivoluzione Informatica e Suoicontenuti. Fantascienza e Sperimentazione. Antinomie della Cultura della Società dell'Informazione e Esigenza di un Nuovo Umanesimo. Ambivalenze Delsistema Informativo. Informatica e |
| 650 ## - SUBJECT ADDED ENTRY--TOPICAL TERM | |
| Topical term or geographic name as entry element | CINEMA |
| Form subdivision | PUBBLICAZIONE PERIODICA |
| 942 ## - ADDED ENTRY ELEMENTS (KOHA) | |
| Koha item type | RIVISTA |
| Withdrawn status | Lost status | Damaged status | Not for loan | Home library | Current library | Date acquired | Total Checkouts | Full call number | Date last seen | Price effective from | Koha item type | Public note |
|---|---|---|---|---|---|---|---|---|---|---|---|---|
| Buone Condizioni | Not For Loan | SPICS-MEDIATECA | SPICS-MEDIATECA | 25/11/2015 | R059/99606 | 25/11/2015 | 25/11/2015 | RIVISTA | Progr. Ins: 39026 / Copia rara: NO / date import: 25.11.2015 / By Epidotti, Trombetti, Vaglietti |